000 00369nam a2200145Ia 4500
008 230718s9999 xx 000 0 und d
041 _aEng.
082 _a520
_bبھا-ا
100 _aبھائی کے منو
245 0 _aاج نیابت نہیں آتی
260 _aPakistan
_bاردو سائنس بورکی
_c2008
300 _a192
650 _aLaw
999 _c28874
_d28874